000 00325nam a2200133Ia 4500
005 20251222153627.0
008 251222s9999||||xx |||||||||||||| ||spa||
082 _a801/H41
100 _a Heers, Jacques
245 0 _aMarco Polo
250 _a1ra .ed
264 _bBiblioteca ABC portagonistas de la historia
942 _cLIB
999 _c32201
_d32201